| 000 | 006050000a22001330004500 | ||
|---|---|---|---|
| 773 | 0 | _tReformed World | |
| 100 | 1 | _aLink, Christian | |
| 245 | 1 | 0 | _aCalvin between humanism and discipleship |
| 300 | _aVol.57, núm.4 (2007), Páginas 251-263 | ||
| 500 | _aTraducido por D. Dichele El autor propone que John Calvin estuvo entre la Edad Media y el Renacimiento, una figura quien fue inspirado por ambos movimientos pero fue capaz de ir más allá de los dos, particularmente en su comprensión | ||
| 520 | _aLa economía, Interés (tribute), La creación, La humanidad, | ||
| 650 | 1 | 4 | _aCALVINO |
| 942 | _cANA | ||
| 999 |
_c62682 _d62682 |
||